[Event "Berlin-ch Seniors op 25th"]
[Site "Berlin"]
[Date "2009.02.14"]
[Round "3"]
[White "Olschewsky, Roman"]
[Black "Krempelsetzer, Klaus"]
[Result "1/2-1/2"]
[WhiteElo "1450"]
[BlackElo "1765"]
[PlyCount "144"]
[EventDate "2009.02.12"]
[EventType "swiss"]
[EventRounds "9"]
[EventCountry "GER"]
[SourceTitle "EXT 2022"]
[Source "ChessBase"]
[SourceDate "2021.10.06"]
[SourceVersion "1"]
[SourceVersionDate "2021.10.06"]
[SourceQuality "1"]

1. c4 Nf6 2. Nc3 d5 3. e3 g6 4. h3 Bg7 5. Nf3 0-0 6. g4 e6 7. Bg2 dxc4 8. Ne5 Nbd7 9. Nxc4 Nb6 10. Nxb6 cxb6 11. 0-0 Rb8 12. Rb1 Bd7 13. a3 Bc6 14. f3 Qd3 15. Rf2 Nxg4 16. hxg4 Bxc3 17. Ra1 Bf6 18. Bf1 Qd5 19. Be2 Be7 20. Qf1 f5 21. Qh3 fxg4 22. Qxg4 Qf5 23. f4 Bd6 24. b4 Bd5 25. d3 Rbe8 26. Bb2 e5 27. Qxf5 gxf5 28. fxe5 Bxe5 29. Bxe5 Rxe5 30. Bf3 Bc6 31. Re1 Rfe8 32. Rg2+ Kf8 33. Kf2 R8e7 34. d4 Bxf3 35. Kxf3 Re4 36. Ree2 Kf7 37. Rh2 Kf6 38. Rh6+ Kg5 39. Rhh2 h5 40. Rhg2+ Kf6 41. Rh2 h4 42. Rh3 Rg7 43. Re1 Ke6 44. Reh1 Rh7 45. Re1 Kd5 46. Rd1 Rf7 47. Rg1 Kc4 48. Rd1 Rfe7 49. Kf2 f4 50. Rc1+ Kd5 51. Re1 Rxe3 52. Reh1 Rxh3 53. Rxh3 Kxd4 54. Rxh4 Rf7 55. Rh1 Kc4 56. Rd1 a5 57. Rb1 Re7 58. Kf3 Re3+ 59. Kxf4 Rxa3 60. bxa5 Rb3 61. Rc1+ Kd3 62. axb6 Rxb6 63. Rd1+ Kc2 64. Rd7 Rb2 65. Rc7+ Kd3 66. Rd7+ Ke2 67. Re7+ Kf2 68. Rf7 b5 69. Ke4+ Ke2 70. Kd4 b4 71. Kc4 b3 72. Kc3 Rb1 1/2-1/2

[Event "Berlin-ch Seniors op 24th"]
[Site "Berlin"]
[Date "2008.02.29"]
[Round "9"]
[White "Olschewsky, Roman"]
[Black "Durth, Konrad"]
[Result "1/2-1/2"]
[WhiteElo "1518"]
[BlackElo "1799"]
[PlyCount "61"]
[EventDate "2008.02.21"]
[EventType "swiss"]
[EventRounds "9"]
[EventCountry "GER"]
[SourceTitle "EXT 2022"]
[Source "ChessBase"]
[SourceDate "2021.10.06"]
[SourceVersion "1"]
[SourceVersionDate "2021.10.06"]
[SourceQuality "1"]

1. c4 Nf6 2. g3 e5 3. Bg2 c6 4. e4 Bb4 5. Ne2 0-0 6. 0-0 d5 7. a3 Ba5 8. b4 Bc7 9. d3 dxe4 10. dxe4 Be6 11. Qc2 Qe7 12. h3 Nbd7 13. Nd2 a5 14. Rb1 axb4 15. axb4 Nh5 16. Nf3 Nb6 17. Nd2 Ra7 18. c5 Na4 19. g4 Nf6 20. f4 exf4 21. Nxf4 b6 22. Ra1 Rfa8 23. Nd3 Nd7 24. e5 Nxe5 25. Nxe5 Bxe5 26. cxb6 Nxb6 27. Rxa7 Qxa7 28. Qxc6 Rc8 29. Qb7 Qa1 30. Nf3 Rxc1 31. Qxb6 1/2-1/2

[Event "Berlin-ch Seniors op 24th"]
[Site "Berlin"]
[Date "2008.02.25"]
[Round "5"]
[White "Olschewsky, Roman"]
[Black "Muenster, Heinz Juergen"]
[Result "1/2-1/2"]
[WhiteElo "1518"]
[BlackElo "1591"]
[PlyCount "106"]
[EventDate "2008.02.21"]
[EventType "swiss"]
[EventRounds "9"]
[EventCountry "GER"]
[SourceTitle "EXT 2022"]
[Source "ChessBase"]
[SourceDate "2021.10.06"]
[SourceVersion "1"]
[SourceVersionDate "2021.10.06"]
[SourceQuality "1"]

1. c4 e6 2. e4 c6 3. Nc3 Ne7 4. g3 d5 5. Bg2 dxc4 6. Qc2 Nd7 7. Nge2 Nb6 8. 0-0 Ng6 9. f4 Bc5+ 10. Kh1 Qd3 11. Qd1 0-0 12. Rf3 Qd8 13. d4 cxd3 14. Rxd3 Qc7 15. a3 Be7 16. b3 Rd8 17. Bb2 Rxd3 18. Qxd3 Bd7 19. Rc1 Rd8 20. Qc2 a6 21. h4 Be8 22. h5 Nf8 23. Bf3 h6 24. Kg2 Rd7 25. Nd1 Qd8 26. Ne3 Bf6 27. Bxf6 Qxf6 28. Ng4 Qd8 29. Ne5 Rd2 30. Qc3 f6 31. Nc4 Nxc4 32. Qxc4 Qd3 33. Qxd3 Rxd3 34. Rc3 Rxc3 35. Nxc3 b5 36. b4 Nd7 37. Bg4 Nb6 38. Be2 Kf7 39. Kf2 Ke7 40. Ke3 Kd6 41. Kf3 Nd7 42. Ke3 c5 43. Kf3 c4 44. a4 Kc6 45. Ke3 Nb6 46. axb5+ axb5 47. Kd4 Bf7 48. e5 fxe5+ 49. fxe5 Nd5 50. Bf3 Kb6 51. Bxd5 exd5 52. Nd1 Kc6 53. Ne3 Be6 1/2-1/2

[Event "Berlin-ch Seniors op 24th"]
[Site "Berlin"]
[Date "2008.02.21"]
[Round "1"]
[White "Gehre, Stefan"]
[Black "Olschewsky, Roman"]
[Result "1-0"]
[WhiteElo "1784"]
[BlackElo "1518"]
[PlyCount "49"]
[EventDate "2008.02.21"]
[EventType "swiss"]
[EventRounds "9"]
[EventCountry "GER"]
[SourceTitle "EXT 2022"]
[Source "ChessBase"]
[SourceDate "2021.10.06"]
[SourceVersion "1"]
[SourceVersionDate "2021.10.06"]
[SourceQuality "1"]

1. d4 d5 2. c4 e6 3. e3 c6 4. Nf3 Nf6 5. a3 Be7 6. Bd3 dxc4 7. Bxc4 b5 8. Be2 Bb7 9. 0-0 0-0 10. b4 a5 11. bxa5 Rxa5 12. Bb2 c5 13. dxc5 Qxd1 14. Rxd1 Bxc5 15. Nbd2 Bd5 16. Nd4 Bxd4 17. Bxd4 Nbd7 18. Bc3 Ra7 19. Bxb5 Rfa8 20. a4 Ne4 21. Nxe4 Bxe4 22. Rxd7 Rxd7 23. Bxd7 Rd8 24. Bb5 Rc8 25. Bd4 1-0